[Event "FIN-chT1 Gp2"]
[Site "Finland"]
[Date "2022.11.12"]
[Round "3.2"]
[White "Holopainen, Timo"]
[Black "Sipila, Markku"]
[Result "1/2-1/2"]
[WhiteElo "2115"]
[BlackElo "1979"]
[PlyCount "63"]
[EventDate "2022.09.24"]
[EventType "team-tourn"]
[EventRounds "7"]
[EventCountry "FIN"]
[SourceTitle "EXT 2025"]
[Source "ChessBase"]
[SourceDate "2024.10.14"]
[SourceVersion "1"]
[SourceVersionDate "2024.10.14"]
[SourceQuality "1"]
[WhiteTeam "Helsinki KSK"]
[BlackTeam "Lahti LahS"]
[WhiteTeamCountry "FIN"]
[BlackTeamCountry "FIN"]

1. e4 d6 2. d4 Nf6 3. Nc3 g6 4. f4 c6 5. Bd3 Bg7 6. Nf3 0-0 7. 0-0 Bg4 8. Be3 Na6 9. a3 Nc7 10. Qe1 Bxf3 11. Rxf3 Ng4 12. Kh1 Nxe3 13. Qxe3 Ne6 14. d5 Nc5 15. Bc4 Rc8 16. dxc6 Rxc6 17. Raf1 Nd7 18. Ba2 Bxc3 19. bxc3 Qb6 20. Qe1 Qc5 21. Qh4 Nf6 22. f5 Qe5 23. fxg6 hxg6 24. Rh3 Nh5 25. Bd5 Rxc3 26. Rxc3 Qxc3 27. Qxe7 Nf4 28. Qxd6 Nxd5 29. Qxd5 Qxc2 30. Qxb7 Qd3 31. Qb1 Qxa3 32. h3 1/2-1/2

[Event "FIN-chT1B 1617"]
[Site "Finland"]
[Date "2017.01.14"]
[Round "5.1"]
[White "Dokutchaev, Aleksander"]
[Black "Holopainen, Timo"]
[Result "1/2-1/2"]
[WhiteElo "2407"]
[BlackElo "2168"]
[PlyCount "49"]
[EventDate "2016.09.17"]
[EventType "team-tourn"]
[EventRounds "7"]
[EventCountry "FIN"]
[SourceTitle "EXT 2019"]
[Source "ChessBase"]
[SourceDate "2018.10.10"]
[SourceVersion "1"]
[SourceVersionDate "2018.10.10"]
[SourceQuality "1"]
[WhiteTeam "Joensuu SK"]
[BlackTeam "Helsinki KSK"]
[WhiteTeamCountry "FIN"]
[BlackTeamCountry "FIN"]

1. d4 Nf6 2. Nf3 d5 3. c4 c6 4. Nbd2 Bf5 5. Nh4 Bg4 6. h3 Bh5 7. g4 Bg6 8. e3 e6 9. Nxg6 hxg6 10. Bg2 Nbd7 11. b3 Bb4 12. 0-0 Qc7 13. a3 Bxd2 14. Bxd2 Ne4 15. Be1 Ng5 16. h4 Rxh4 17. f4 Nh3+ 18. Bxh3 Rxh3 19. Rf3 Rxf3 20. Qxf3 Nf6 21. Rc1 Ne4 22. Qh3 0-0-0 23. g5 dxc4 24. bxc4 Kb8 25. Qf3 1/2-1/2

[Event "FIN-chT1B 1415"]
[Site "Finland"]
[Date "2015.02.07"]
[Round "6.1"]
[White "Holopainen, Timo"]
[Black "Seppanen, Ville"]
[Result "1/2-1/2"]
[WhiteElo "2175"]
[BlackElo "2023"]
[PlyCount "144"]
[EventDate "2014.09.27"]
[EventType "team-tourn"]
[EventRounds "7"]
[EventCountry "FIN"]
[SourceTitle "EXT 2017"]
[Source "ChessBase"]
[SourceDate "2016.10.25"]
[SourceVersion "1"]
[SourceVersionDate "2016.10.25"]
[SourceQuality "1"]
[WhiteTeam "Helsinki KSK"]
[BlackTeam "Helsinki HSK II"]
[WhiteTeamCountry "FIN"]
[BlackTeamCountry "FIN"]

1. e4 c5 2. Nf3 e6 3. d4 cxd4 4. Nxd4 Nc6 5. Nc3 Qc7 6. Be2 a6 7. 0-0 Nf6 8. Be3 Bb4 9. Nxc6 bxc6 10. Na4 Bd6 11. Nb6 Rb8 12. Nxc8 Rxc8 13. Bxa6 Bxh2+ 14. Kh1 Ra8 15. Bd3 Bf4 16. Bxf4 Qxf4 17. g3 Qg5 18. Qc1 Qg4 19. Kg2 Nxe4 20. Qe3 f5 21. Rh1 Qg5 22. f4 Qg6 23. Bxe4 fxe4 24. Rhe1 d5 25. Qc5 Kf7 26. Qxc6 Rhc8 27. Qd7+ Kg8 28. c3 Rab8 29. Re2 Qg4 30. Rae1 Rf8 31. Rf2 Rxf4 32. Rxf4 Rxb2+ 33. Rf2 Qf3+ 34. Kh3 Qh5+ 35. Kg2 Qf3+ 36. Kh3 Rxf2 37. Qe8+ Qf8 38. Qxe6+ Kh8 39. c4 dxc4 40. Rxe4 Rxa2 41. Qe8 Ra8 42. Qxf8+ Rxf8 43. Rxc4 Kg8 44. Kg2 Rf6 45. Rc8+ Kf7 46. Rc7+ Kg6 47. Rb7 h6 48. Ra7 Rf5 49. Rb7 Kf6 50. Ra7 g6 51. Ra6+ Kg5 52. Rb6 Ra5 53. Kh3 h5 54. Rb3 Rf5 55. Kg2 Re5 56. Rb2 Kf5 57. Rf2+ Ke6 58. Ra2 g5 59. Rb2 Kf5 60. Rf2+ Ke4 61. Ra2 g4 62. Rf2 Ke3 63. Rf8 Rd5 64. Re8+ Kd2 65. Rh8 Ke1 66. Re8+ Kd1 67. Rh8 Rd2+ 68. Kg1 Ke2 69. Rxh5 Kf3 70. Rf5+ Kxg3 71. Rf1 Kh3 72. Rb1 g3 1/2-1/2

[Event "FIN-chT1B 1415"]
[Site "Finland"]
[Date "2015.01.10"]
[Round "5.1"]
[White "Puranen, Jukka"]
[Black "Holopainen, Timo"]
[Result "1-0"]
[WhiteElo "2244"]
[BlackElo "2175"]
[PlyCount "75"]
[EventDate "2014.09.27"]
[EventType "team-tourn"]
[EventRounds "7"]
[EventCountry "FIN"]
[SourceTitle "EXT 2017"]
[Source "ChessBase"]
[SourceDate "2016.10.25"]
[SourceVersion "1"]
[SourceVersionDate "2016.10.25"]
[SourceQuality "1"]
[WhiteTeam "Kotka KymS"]
[BlackTeam "Helsinki KSK"]
[WhiteTeamCountry "FIN"]
[BlackTeamCountry "FIN"]

1. d4 Nf6 2. Bg5 Ne4 3. Bf4 d5 4. f3 Nf6 5. Nc3 e6 6. e4 Bb4 7. e5 Nfd7 8. a3 Be7 9. Be3 c5 10. f4 cxd4 11. Bxd4 Nc6 12. Bf2 0-0 13. Nf3 f6 14. exf6 Nxf6 15. g3 Bd6 16. Bg2 e5 17. fxe5 Nxe5 18. Nxe5 Bxe5 19. 0-0 Bxc3 20. bxc3 Be6 21. Bd4 Kh8 22. Qe2 Bd7 23. Qe3 Bc6 24. Qg5 h6 25. Qh4 Ng8 26. Rxf8 Qxf8 27. Rf1 Qe8 28. Qg4 Qe7 29. Qg6 Rf8 30. Bxa7 Qxa3 31. Bd4 Qe7 32. Qxg7+ Qxg7 33. Rxf8 Kh7 34. Bxg7 Kxg7 35. Rd8 Nf6 36. c4 dxc4 37. Bxc6 bxc6 38. Rc8 1-0

[Event "FIN-chT1A 1112"]
[Site "Finland"]
[Date "2012.03.10"]
[Round "7.1"]
[White "Holopainen, Timo"]
[Black "Kiili, Markus"]
[Result "1/2-1/2"]
[WhiteElo "2164"]
[BlackElo "2216"]
[PlyCount "30"]
[EventDate "2011.09.17"]
[EventType "team-tourn"]
[EventRounds "7"]
[EventCountry "FIN"]
[SourceTitle "EXT 2019"]
[Source "ChessBase"]
[SourceDate "2018.10.10"]
[SourceVersion "1"]
[SourceVersionDate "2018.10.10"]
[SourceQuality "1"]
[WhiteTeam "Helsinki KSK"]
[BlackTeam "Vantaa Remi"]
[WhiteTeamCountry "FIN"]
[BlackTeamCountry "FIN"]

1. d4 Nf6 2. c4 g6 3. Nc3 Bg7 4. e4 d6 5. Be2 0-0 6. Bg5 h6 7. Be3 c5 8. d5 e6 9. h3 exd5 10. exd5 Re8 11. Bd3 Nbd7 12. Nf3 Nh5 13. 0-0 Ne5 14. Nxe5 Rxe5 15. Qf3 Bf5 1/2-1/2

[Event "FIN Team Cup"]
[Site "Finland"]
[Date "2011.03.26"]
[Round "1.2"]
[White "Salo, Heikki"]
[Black "Holopainen, Timo"]
[Result "1/2-1/2"]
[WhiteElo "2240"]
[BlackElo "2162"]
[PlyCount "84"]
[EventDate "2011.03.26"]
[EventType "team-k.o."]
[EventRounds "5"]
[EventCountry "FIN"]
[SourceTitle "EXT 2022"]
[Source "ChessBase"]
[SourceDate "2021.10.06"]
[SourceVersion "1"]
[SourceVersionDate "2021.10.06"]
[SourceQuality "1"]
[WhiteTeam "Vantaa EtVaS"]
[BlackTeam "Helsinki KapSK"]
[WhiteTeamCountry "FIN"]
[BlackTeamCountry "FIN"]

1. d4 d5 2. c4 c6 3. Nf3 Nf6 4. Qc2 g6 5. g3 Bg7 6. Bg2 0-0 7. 0-0 Bf5 8. Qb3 Qb6 9. Nc3 dxc4 10. Qxc4 Ne4 11. Ne5 Nxc3 12. bxc3 Be6 13. Qd3 Rd8 14. f4 f6 15. Nf3 Nd7 16. e4 Qa5 17. Be3 Nc5 18. Qc2 Na4 19. Bd2 Bc4 20. Rf2 b5 21. f5 e5 22. fxe6 Bxe6 23. d5 cxd5 24. c4 Qb6 25. cxd5 Rac8 26. Qb3 Nc5 27. Qe3 Bf7 28. Re1 Re8 29. Qd4 Nd7 30. Bh3 Rc4 31. Qxb6 Nxb6 32. Rfe2 Bf8 33. Ba5 Bc5+ 34. Kg2 Ra4 35. Bc3 f5 36. Ng5 fxe4 37. Nxf7 Kxf7 38. Be6+ Ke7 39. Rf1 Rf8 40. Rb1 a6 41. Bg7 Rf3 42. Bg8 Rfa3 1/2-1/2

[Event "FIN-chT1B 0708"]
[Site "Finland"]
[Date "2008.03.08"]
[Round "7.1"]
[White "Laakso, Harri"]
[Black "Holopainen, Timo"]
[Result "1-0"]
[WhiteElo "2182"]
[BlackElo "2183"]
[PlyCount "105"]
[EventDate "2007.09.15"]
[EventType "team-tourn"]
[EventRounds "7"]
[EventCountry "FIN"]
[SourceTitle "EXT 2022"]
[Source "ChessBase"]
[SourceDate "2021.10.06"]
[SourceVersion "1"]
[SourceVersionDate "2021.10.06"]
[SourceQuality "1"]
[WhiteTeam "Helsinki RikSha"]
[BlackTeam "Helsinki KapSK"]
[WhiteTeamCountry "FIN"]
[BlackTeamCountry "FIN"]

1. e4 c5 2. c3 Nf6 3. e5 Nd5 4. d4 cxd4 5. Nf3 d6 6. Qxd4 e6 7. Bd3 Nc6 8. Qe4 Qc7 9. exd6 Bxd6 10. 0-0 Nf6 11. Qh4 Bd7 12. Nbd2 Ne5 13. Nxe5 Bxe5 14. Nc4 0-0-0 15. Re1 Bd6 16. Be3 Bc6 17. Bf1 Nd5 18. Nxd6+ Rxd6 19. Bxa7 b6 20. c4 Qxa7 21. cxd5 Rxd5 22. Rac1 Kb7 23. Red1 g5 24. Qe4 Rhd8 25. Rxd5 Rxd5 26. Qxh7 Qxa2 27. Qxf7+ Rd7 28. Qf6 Qd5 29. Qc3 Rc7 30. Qa3 Qa5 31. Qxa5 bxa5 32. Rc5 Kb6 33. Rxg5 Bd5 34. f4 Rc1 35. b3 a4 36. bxa4 Bc4 37. Kf2 Rxf1+ 38. Kg3 Bd5 39. h4 Rg1 40. a5+ Kxa5 41. Kf2 Rh1 42. f5 Rxh4 43. fxe6 Rf4+ 44. Kg3 Re4 45. Rxd5+ Kb6 46. Kf3 Rxe6 47. g4 Kc6 48. Rd1 Rd6 49. Rxd6+ Kxd6 50. Kf4 Ke6 51. Kg5 Kf7 52. Kh6 Kg8 53. g5 1-0

[Event "FIN-chT1B 0001"]
[Site "Finland"]
[Date "2001.??.??"]
[Round "5.1"]
[White "Korhonen, Pasi"]
[Black "Holopainen, Timo"]
[Result "1/2-1/2"]
[WhiteElo "2063"]
[BlackElo "2241"]
[PlyCount "35"]
[EventDate "2000.11.??"]
[EventType "team-tourn"]
[EventRounds "7"]
[EventCountry "FIN"]
[SourceTitle "EXT 2022"]
[Source "ChessBase"]
[SourceDate "2021.10.06"]
[SourceVersion "1"]
[SourceVersionDate "2021.10.06"]
[SourceQuality "1"]
[WhiteTeam "Helsinki I-HSK"]
[BlackTeam "Helsinki KapSK"]
[WhiteTeamCountry "FIN"]
[BlackTeamCountry "FIN"]

1. e4 e5 2. f4 Nf6 3. Nc3 d5 4. exd5 e4 5. d3 Bb4 6. Bd2 e3 7. Bxe3 Nxd5 8. Bd2 0-0 9. Nxd5 Re8+ 10. Be2 Qxd5 11. Kf1 Bxd2 12. Qxd2 Nc6 13. Bf3 Qb5 14. Qc3 Qb6 15. Bxc6 bxc6 16. Nf3 Bg4 17. Ne5 Qe3 18. Nxg4 1/2-1/2

[Event "Jamsa op"]
[Site "Jamsa"]
[Date "1998.??.??"]
[Round "3"]
[White "Holopainen, Timo"]
[Black "Kilpi, Teemu"]
[Result "1/2-1/2"]
[WhiteElo "2240"]
[BlackElo "2170"]
[PlyCount "26"]
[EventDate "1998.??.??"]
[EventType "swiss"]
[EventRounds "5"]
[EventCountry "FIN"]
[SourceTitle "EXT 2000"]
[Source "ChessBase"]
[SourceDate "1999.11.16"]
[SourceVersion "1"]
[SourceVersionDate "1999.11.16"]
[SourceQuality "1"]

1. e4 Nf6 2. e5 Nd5 3. d4 d6 4. c4 Nb6 5. exd6 exd6 6. h3 Be7 7. Nf3 Nc6 8. Nc3 Bf5 9. Be3 0-0 10. d5 Ne5 11. Nxe5 dxe5 12. Be2 Bg5 13. Qd2 Bxe3 1/2-1/2

[Event "FIN-chT"]
[Site "Finland"]
[Date "1991.??.??"]
[Round "?"]
[White "Holopainen, Timo"]
[Black "Paasikangas Tella, Johanna"]
[Result "0-1"]
[WhiteElo "2240"]
[BlackElo "2130"]
[PlyCount "90"]
[EventDate "1991.??.??"]
[EventType "team-tourn"]
[EventRounds "11"]
[EventCountry "FIN"]
[SourceTitle "EXT 2000"]
[Source "ChessBase"]
[SourceDate "1999.11.16"]
[SourceVersion "1"]
[SourceVersionDate "1999.11.16"]
[SourceQuality "1"]

1. e4 c5 2. Nf3 e6 3. d4 cxd4 4. Nxd4 Nc6 5. Nc3 Qc7 6. Be3 a6 7. Be2 b5 8. 0-0 Bb7 9. Kh1 Nf6 10. a3 Be7 11. f4 d6 12. f5 h5 13. fxe6 Ne5 14. exf7+ Kxf7 15. Nd5 Qd8 16. Nf5 Bxd5 17. exd5 Qd7 18. Nxe7 Kxe7 19. Bg5 h4 20. Qd2 h3 21. g3 Raf8 22. Rae1 Qc7 23. Bg4 Kd8 24. Be6 Qb6 25. b3 Kc7 26. Be3 Qb7 27. c4 Re8 28. Kg1 Ne4 29. Qa5+ Kb8 30. Bf4 Rxe6 31. Rxe4 Nf3+ 32. Rxf3 Rxe4 33. Bxd6+ Ka8 34. c5 Rhe8 35. Rf1 Re2 36. Rf2 Rxf2 37. Kxf2 Qf7+ 38. Kg1 Qb7 39. Qd2 Ka7 40. b4 Qd7 41. Qf2 Ka8 42. Qf3 g5 43. g4 Qg7 44. Bg3 Qa1+ 45. Kf2 Qe1# 0-1